Loading...
| Current Events | 3 | 10.00 | 67% | 33% | 0% |
| Fine Arts - Classical Music | 4 | 5.00 | 50% | 0% | 0% |
| Fine Arts - Other | 6 | 11.67 | 83% | 17% | 17% |
| Fine Arts - Painting & Sculpture | 5 | 14.00 | 80% | 60% | 0% |
| Geography | 4 | 12.50 | 75% | 50% | 0% |
| History - American | 3 | 10.00 | 100% | 0% | 0% |
| History - European | 2 | 5.00 | 50% | 0% | 0% |
| History - Other | 2 | 5.00 | 50% | 0% | 0% |
| History - World | 4 | 5.00 | 50% | 0% | 0% |
| Literature - American | 1 | 0.00 | 0% | 0% | 0% |
| Literature - British | 7 | 10.00 | 86% | 14% | 0% |
| Literature - European | 4 | 7.50 | 75% | 0% | 0% |
| Literature - World | 5 | 14.00 | 100% | 40% | 0% |
| Mythology | 2 | 5.00 | 50% | 0% | 0% |
| Other Academic | 4 | 10.00 | 75% | 25% | 0% |
| Religion | 3 | 20.00 | 100% | 67% | 33% |
| Science - Biology | 5 | 8.00 | 80% | 0% | 0% |
| Science - Chemistry | 3 | 6.67 | 67% | 0% | 0% |
| Science - Other | 5 | 10.00 | 80% | 20% | 0% |
| Science - Physics | 4 | 7.50 | 75% | 0% | 0% |
| Social Science | 6 | 10.00 | 100% | 0% | 0% |